000 00438cam a2200169ua 4500
003 OSt
008 250610b |||||||| |||| 00| 0 eng d
041 _aeng
082 _a624.171
_bJAK/FU
100 _aJakkula, A A .
_97546
245 _aFundamentals of structural analysis /
250 _a1 /
260 _aNew Jersy :
_bD.Van Nostrand Co. ,
_c1953.
300 _a288 ; .
700 1 _aStephenson, Henson K .
_97547
942 _cBK
999 _c10267
_d10267